00428cam a2200169ua 45000010005000000080039000050400009000440410008000530820010000611000030000712450056001012500012001572600047001693000010002166530018002266530014002449864161003n ii |||gr||||Z||||||asm cMAIN aasm a305.8 aTasa, Dimbeswar,eAuthor. aChah janagosthir samaj sanskriticBy Dimbeswar Tasa a1st ed. aGuwahati:bPublication board Assam,c2012. a139p. aSocial groups aTea tribe